000 00216 a2200097 4500
001 14602
100 _aMir Valiuddin
245 _aThe Quranie sufism
260 _aLahore
_bProgressive books
_c
090 _c11412
_d11412
942 _aNUST-CAE
_cM
_c1573
999 _c249675
_d249675